Encanto A-Z - Statistics

General Stats
  • This quiz has been taken 714 times
  • The average score is 15 of 25
Answer Stats
Clue Answer % Correct
A Spanish for "grandma" Abuela
95%
C Country Encanto takes place in Colombia
89%
D Sister of Camilo and Antonio Dolores
86%
M Last name of the main family Madrigal
83%
I Mirabel's oldest sister Isabela
80%
R Animals "along Bruno's back" Rats
78%
E Type of gemstone the green glass is made of Emerald
77%
T Spanish for "aunt" Tía
76%
F Father of Camilo, Antonio and D Félix
75%
J "She can heal you with a meal" Julieta
73%
W Most popular song of the movie We Don't TalkAbout Bruno
73%
V What Else Can I Do? lyrics:"Strangling figs, hanging _____" Vines
66%
L First name of Miranda, writer of all the songs Lin-Manuel
65%
S Luisa's song Surface Pressure
64%
N Where Mirabel lived even after her gift ceremony Nursery
58%
K All of You lyrics:"You're the real gift ___, let us in" Kid
56%
U Waiting on a Miracle lyrics:"Don't be _____ or mad at all" Upset
54%
G Mariano's last name Guzmán
50%
O Song about "dos" of these Oruguitas
48%
B Voice actress of Mirabel Stephanie Beatriz
47%
Z Before Encanto, this was Disney'slast Oscar Best Animation winner Zootopia
40%
Q What Mirabel calls Pico whenhe flies away from Bruno's tower Quitter
36%
Y Singer of song O Sebastián Yatra
13%
H Encanto's director, other than Jared Bush Byron Howard
12%
P Word for Bruno's gift Precognition
3%
No matching quizzes found
Score Distribution
Percent of People with Each Score
Percentile by Number Answered
Your Score History
You have not taken this quiz